Μεταμορφώσεις του Ελπήνορα : από τον Πάουντ στον Σινόπουλο
Αποθηκεύτηκε σε:
| Κύριος συγγραφέας: | |
|---|---|
| Μορφή: | Βιβλίο |
| Γλώσσα: | Greek |
| Δημοσίευση: |
Αθήνα :
Νεφέλη,
1990
|
| Σειρά: | Φιλολογία και κριτική ;
; 2 |
| Θέματα: | |
| Ετικέτες: |
Προσθήκη ετικέτας
Δεν υπάρχουν, Καταχωρήστε ετικέτα πρώτοι!
|
MARC
| LEADER | 00000nam a2200000 i 4500 | ||
|---|---|---|---|
| 001 | 1/70204 | ||
| 008 | 990224s1990 gre d | ||
| 020 | |a 960-211-087-2 | ||
| 035 | |l 10048040 | ||
| 040 | |a GR-MY-UA |b gre |e aacr | ||
| 041 | 0 | |a gre | |
| 082 | 0 | |a 809.132 | |
| 100 | 1 | |a Σαββίδης, Γιώργος Π., |d 1929-1995. | |
| 245 | 1 | 0 | |a Μεταμορφώσεις του Ελπήνορα : |b από τον Πάουντ στον Σινόπουλο / |c Γ.Π. Σαββίδης |
| 260 | |a Αθήνα : |b Νεφέλη, |c 1990 | ||
| 300 | |a 63 σ. | ||
| 490 | 1 | |a Φιλολογία και κριτική |v ; 2 | |
| 650 | 0 | 0 | |a Epic poetry |x History and criticism. |
| 830 | 0 | |a Φιλολογία και κριτική ; |v ; 2 | |
| 852 | |a INST |b RHODES |e 19990224 |h 809.132 ΣΑΒ |p 005400015620 |q 005400015620 |t BK |y 0 | ||
| 901 | |a BIBL-1999-1 | ||
| 909 | |a Ρ |b 053221 |c 1998 | ||
| 922 | |a 4ΕΛΗ |b 199801 |c ΚΠΣ/ΔΕ |d EMVASIS | ||
| 970 | |z 2000/07/ΚΑΤΕΡΙΝΑ | ||